000 00825nam a2200241Ia 4500
008 130821s1971 sp gr spa
040 _aCo-BoUCM
_bspa
041 0 0 _aspa
100 1 _aDaudet, Alphonse
245 1 0 _aCartas desde mi molino
_cAlphonse Daudet ; traducción de Pedro Darnell , prólogo de Carmen Riera Guilera
260 _aNavarra (España)
_bSalvat Editores
_c1971
300 _a166 páginas
490 0 _aBiblioteca Básica Salvat
_v92
500 _aDonación UCM-C-ARRAYANES.
500 _aIncluye índice.
650 _aLiteratura europea
_926524
650 _aLiteratura francesa
_97794
650 _aNovela francesa
_920506
700 1 _aDarnell, Pedro
_etrad.
700 1 _aRiera Guilera, Carmen
_epról.
942 _cLIBRO
_a18
_e1
_mD238c
_2DEWEY
_h843.8
999 _c75775
_d75775